02336nam a22001937a 4500999001700000008004100017020001800058082001800076100002300094245001900117260004100136300001500177520173200192650002001924650002601944650002201970942000701992952014301999 c11591d11591200220b ||||| |||| 00| 0 eng d a978935277014400a332.1092bRAJ1 aRajan, Raghuram G.10aI do what i do aUttar PradeshbHarper Businessc2017 axvi, 325p. aWhen Raghuram G. Rajan took charge as Governor of the Reserve Bank of India in September 2013, the rupee was in free fall, inflation was high, India had a large current account deficit and India’s exchange reserves were falling. As measure after measure failed to stabilize markets, speculators sensed a full-blown crisis and labelled India one of the Fragile Five economies. Rajan’s response was to go all out, not just to tackle the crisis of confidence, but also to send a strong message about the strength of India’s institutions and the country’s ongoing programme of reform. He outlined a vision that went beyond the immediate crisis to focus on long-term growth and stability, thus restoring investor confidence. Boldness and farsightedness would be characteristic of the decisions he took in the ensuing three years. Rajan’s commentary and speeches in I Do What I Do convey what it was like to be at the helm of the central bank in those turbulent but exciting times. Whether on dosanomics or on debt relief, Rajan explains economic concepts in a readily accessible way. Equally, he addresses key issues that are not in any banking manual but essential to growth: the need for tolerance and respect to assure India’s economic progress, for instance, or the connection between political freedom and prosperity. I Do What I Do offers a front-row view into the thinking of one of the world’s most respected economists, one whose commitment to India’s progress shines through in the essays and speeches here. It also brings home what every RBI Governor discovers for himself when he sits down at his desk on the 18th floor: the rupee stops here. Right here! https://harpercollins.co.in/book/i-do-what-i-do/ 0aMonetary policy 0aReserve Bank of India 0aBanks and banking cBK 00102ddc406332_109200000000000_RAJ70912598aMUbMUd2020-02-20l1m2o332.1092 RAJpMPCG0178r2021-01-13s2020-02-20yBKzColumn - 63